[Event "LII C.to Italiano"]
[Site "Reggio nell'Emilia ITA"]
[Date "1992.12.26"]
[Round "1"]
[White "Azmaiparashvili, Zurab A."]
[Black "Godena, Michele"]
[Result "0-1"]
[WhiteElo "2620"]
[BlackElo "2435"]
[PlyCount "114"]
[EventDate "1992.12.26"]

1. c4 e6 2. Nc3 d5 3. d4 Bb4 4. Qb3 c5 5. dxc5 Nc6 6. a3 Qa5 7. Bd2 d4 8. Ne4
Bxd2+ 9. Nxd2 Nf6 10. Ngf3 Qxc5 11. Qb5 Qd6 12. g4 h6 13. g5 a6 14. Qb3 hxg5
15. Nxg5 Qf4 16. Rg1 Qxh2 17. Rg3 Qh6 18. Rh3 Nh5 19. Nde4 Kf8 20. f4 f6 21.
Nd6 fxg5 22. fxg5 Qxg5 23. Qf3+ Ke7 24. Nf7 Ne5 25. Nxg5 Nxf3+ 26. Nxf3 e5 27.
Rh4 Kf6 28. Re4 Ng3 29. Rh4 Rxh4 30. Nxh4 Nxf1 31. Kxf1 Be6 32. Kf2 Bxc4 33.
Rf1 e4 34. Ke1+ Kg5 35. Nf5 d3 36. Ne3 b5 37. Rf5+ Kg6 38. Rc5 dxe2 39. Nxc4
bxc4 40. Rxc4 Kf5 41. Rc7 g5 42. Kxe2 Rh8 43. Rf7+ Ke5 44. Re7+ Kf5 45. Rf7+
Ke5 46. Re7+ Kf4 47. Rf7+ Kg3 48. Ke3 g4 49. Kxe4 Kh2 50. Rf2+ Kh3 51. Rf6 a5
52. Rf5 a4 53. b3 axb3 54. Rb5 g3 55. Rxb3 Kh2 56. Kd4 g2 57. Rb2 Ra8 0-1

[Event "LII C.to Italiano"]
[Site "Reggio nell'Emilia ITA"]
[Date "1992.12.26"]
[Round "1"]
[White "Garcia Palermo, Carlos Horacio"]
[Black "Arlandi, Ennio"]
[Result "1/2-1/2"]
[WhiteElo "2440"]
[BlackElo "2435"]
[PlyCount "57"]
[EventDate "1992.12.26"]

1. d4 d5 2. c4 e6 3. Nc3 Be7 4. Nf3 Nf6 5. Bg5 O-O 6. e3 h6 7. Bh4 b6 8. Rc1
Bb7 9. Bxf6 Bxf6 10. cxd5 exd5 11. g3 Qe7 12. Bg2 Rd8 13. O-O c5 14. Re1 Nd7
15. Rc2 Rac8 16. h4 a6 17. Rd2 b5 18. Nh2 Nb6 19. Ng4 Nc4 20. Rc2 cxd4 21. exd4
Qd6 22. b3 Nb6 23. Bh3 Rb8 24. Rce2 b4 25. Nb1 Bc6 26. Nxf6+ Qxf6 27. Re5 Bd7
28. Bf1 a5 29. Nd2 1/2-1/2

[Event "LII C.to Italiano"]
[Site "Reggio nell'Emilia ITA"]
[Date "1992.12.26"]
[Round "1"]
[White "Vezzosi, Paolo"]
[Black "Braga, Fernando Alberto"]
[Result "0-1"]
[WhiteElo "2325"]
[BlackElo "2385"]
[PlyCount "56"]
[EventDate "1992.12.26"]

1. c4 e6 2. Nc3 d5 3. d4 Bb4 4. Qb3 c5 5. dxc5 Nc6 6. Bd2 Nf6 7. Nf3 d4 8. Ne4
Nxe4 9. Bxb4 O-O 10. g3 a5 11. Ba3 a4 12. Qb6 Qf6 13. Bg2 d3 14. exd3 Nd4 15.
dxe4 Nxf3+ 16. Kf1 Nd2+ 17. Ke2 Nxc4 18. Qb4 b6 19. Rhc1 bxc5 20. Qc3 Qh6 21.
Bxc5 Ba6 22. Ke1 Rfc8 23. b3 Rxc5 24. bxc4 Rxc4 25. Qe3 Qxh2 26. Rxc4 Bxc4 27.
Rc1 Ba6 28. Qb6 Qg1+ 0-1

[Event "LII C.to Italiano"]
[Site "Reggio nell'Emilia ITA"]
[Date "1992.12.27"]
[Round "2"]
[White "Belotti, Bruno"]
[Black "Vezzosi, Paolo"]
[Result "1-0"]
[WhiteElo "2405"]
[BlackElo "2325"]
[PlyCount "99"]
[EventDate "1992.12.26"]

1. d4 Nf6 2. Nf3 e6 3. Bg5 c5 4. e3 Nc6 5. c3 b6 6. Nbd2 cxd4 7. exd4 Be7 8.
Bd3 Nd5 9. Bxe7 Qxe7 10. O-O O-O 11. Re1 f5 12. Bf1 Nf6 13. Nc4 Bb7 14. a4 Rfb8
15. Nfe5 Nd5 16. Qd2 a6 17. Nd3 b5 18. axb5 axb5 19. Nce5 Rxa1 20. Rxa1 Ra8 21.
Re1 Nxe5 22. Nxe5 Nc7 23. Nd3 d6 24. Qe3 Re8 25. Nb4 Qd7 26. Bd3 e5 27. dxe5
Rxe5 28. Qd2 Rxe1+ 29. Qxe1 f4 30. f3 g5 31. Qe2 Kf8 32. Nc2 h5 33. Nd4 b4 34.
cxb4 Qg7 35. Nf5 Qe5 36. Qxe5 dxe5 37. b5 Na8 38. Nd6 Bd5 39. Bc4 Nb6 40. Bxd5
Nxd5 41. Nc4 Ke7 42. Nxe5 Kd6 43. Nc4+ Kc5 44. b6 Nb4 45. b7 Na6 46. Ne5 Kb6
47. h4 gxh4 48. Kh2 Kxb7 49. Nd3 Kc6 50. Kh3 1-0

[Event "LII C.to Italiano"]
[Site "Reggio nell'Emilia ITA"]
[Date "1992.12.27"]
[Round "2"]
[White "Borgo, Giulio"]
[Black "Vaganian, Rafael A."]
[Result "0-1"]
[WhiteElo "2360"]
[BlackElo "2635"]
[PlyCount "84"]
[EventDate "1992.12.26"]

1. e4 Nf6 2. e5 Nd5 3. d4 d6 4. Nf3 g6 5. exd6 cxd6 6. Be2 Bg7 7. O-O O-O 8.
Re1 Nc6 9. c3 h6 10. Nbd2 e5 11. Bf1 Nb6 12. dxe5 dxe5 13. Nc4 Qxd1 14. Rxd1
Nxc4 15. Bxc4 e4 16. Nd4 Nxd4 17. cxd4 Rd8 18. Be3 Bg4 19. Rd2 Rac8 20. Bb3 Bd7
21. d5 b6 22. a4 g5 23. Bd4 Bf5 24. Kf1 Rd6 25. Ke2 Bxd4 26. Rxd4 Kg7 27. Ke3
Kf6 28. Bc4 Ke5 29. f3 exf3 30. gxf3 Rd7 31. f4+ Kd6 32. fxg5 hxg5 33. Rf1 Re7+
34. Kd2 Re4 35. Kc3 Ke5 36. Rxe4+ Bxe4 37. Kb4 f5 38. b3 g4 39. Kb5 Rh8 40. Rf2
f4 41. Ka6 g3 42. hxg3 fxg3 0-1

[Event "LII C.to Italiano"]
[Site "Reggio nell'Emilia ITA"]
[Date "1992.12.27"]
[Round "2"]
[White "Godena, Michele"]
[Black "Portisch, Lajos"]
[Result "1-0"]
[WhiteElo "2435"]
[BlackElo "2595"]
[PlyCount "120"]
[EventDate "1992.12.26"]

1. e4 c5 2. Nf3 e6 3. c3 d5 4. exd5 exd5 5. d4 Nc6 6. Bb5 Bd6 7. dxc5 Bxc5 8.
O-O Nge7 9. Nbd2 O-O 10. Nb3 Bb6 11. Bd3 h6 12. Re1 Bg4 13. Be3 Bc7 14. Be2 Nf5
15. Bc5 Re8 16. h3 Bxf3 17. Bxf3 Rxe1+ 18. Qxe1 Nh4 19. Qd1 Nxf3+ 20. Qxf3 Qg5
21. Re1 Rd8 22. Nd4 Ne5 23. Qe3 Qg6 24. Rd1 a6 25. b3 Rc8 26. Kf1 Bb8 27. Ba3
Kh7 28. Ne2 Qe4 29. Qd4 Qc2 30. Qd2 Qf5 31. Qxd5 Ba7 32. Nd4 Qf6 33. Qxb7 Bxd4
34. Qe4+ Ng6 35. Qxd4 Qxd4 36. cxd4 Rc2 37. d5 Rxa2 38. Bc5 Ne5 39. d6 Nd7 40.
b4 a5 41. Rc1 axb4 42. Bxb4 Ra4 43. Rb1 Ra2 44. Rc1 Ra4 45. Rb1 Ra2 46. f3 Ra6
47. Rd1 f5 48. g4 Ra4 49. Be1 Kg6 50. Rd5 f4 51. Bd2 Ra1+ 52. Kf2 Rd1 53. Rd4
h5 54. Ke2 Rh1 55. gxh5+ Kf5 56. Rxf4+ Ke6 57. Rh4 Kxd6 58. Bc3 Rh2+ 59. Ke3
Rg2 60. Rg4 Rh2 1-0

[Event "LII C.to Italiano"]
[Site "Reggio nell'Emilia ITA"]
[Date "1992.12.27"]
[Round "2"]
[White "Sarno, Spartaco"]
[Black "Garcia Palermo, Carlos Horacio"]
[Result "1/2-1/2"]
[WhiteElo "2430"]
[BlackElo "2440"]
[PlyCount "33"]
[EventDate "1992.12.26"]

1. c4 e5 2. Nc3 Nf6 3. g3 c6 4. d4 d6 5. Nf3 e4 6. Nd2 d5 7. Bg2 Be7 8. O-O Na6
9. cxd5 cxd5 10. f3 Qb6 11. Kh1 exf3 12. Nxf3 O-O 13. Ne5 Be6 14. Rb1 Rad8 15.
Be3 Ne4 16. Qa4 f5 17. Qb5 1/2-1/2

[Event "LII C.to Italiano"]
[Site "Reggio nell'Emilia ITA"]
[Date "1992.12.28"]
[Round "3"]
[White "Manca, Federico"]
[Black "Sarno, Spartaco"]
[Result "1-0"]
[WhiteElo "2390"]
[BlackElo "2430"]
[PlyCount "73"]
[EventDate "1992.12.26"]

1. e4 d6 2. d4 Nf6 3. Nc3 g6 4. f4 Bg7 5. Nf3 c5 6. Bb5+ Bd7 7. e5 Ng4 8. e6
Bxb5 9. exf7+ Kd7 10. Nxb5 Qa5+ 11. Nc3 cxd4 12. Nxd4 h5 13. h3 Nc6 14. Nde2
Nh6 15. Be3 Nf5 16. Bf2 Raf8 17. O-O Rxf7 18. Qd3 h4 19. Ne4 Nd8 20. c4 Ne6 21.
c5 Qa6 22. Qf3 Rc8 23. Rad1 Rc6 24. Rd2 Ke8 25. Rfd1 Qxa2 26. cxd6 exd6 27.
Nxd6+ Nxd6 28. Rxd6 Rxd6 29. Rxd6 Bf8 30. Rd5 Be7 31. Qe4 Ng7 32. Bxh4 Nf5 33.
Qe6 Qb1+ 34. Kh2 Kf8 35. Bxe7+ Nxe7 36. Rd8+ Kg7 37. Qe5+ 1-0

[Event "LII C.to Italiano"]
[Site "Reggio nell'Emilia ITA"]
[Date "1992.12.28"]
[Round "3"]
[White "Vezzosi, Paolo"]
[Black "Borgo, Giulio"]
[Result "0-1"]
[WhiteElo "2325"]
[BlackElo "2360"]
[PlyCount "146"]
[EventDate "1992.12.26"]

1. d4 Nf6 2. c4 c5 3. d5 b5 4. cxb5 a6 5. bxa6 g6 6. g3 Bg7 7. Bg2 d6 8. Nc3
Bxa6 9. Nf3 Nbd7 10. O-O Nb6 11. Re1 O-O 12. e4 Nfd7 13. Qc2 Nc4 14. Bf4 Qa5
15. Rac1 Rfb8 16. b3 Nce5 17. Red1 Nxf3+ 18. Bxf3 Ne5 19. Be2 Bxe2 20. Qxe2 Qa6
21. Rc2 Qxe2 22. Nxe2 Rb4 23. Bxe5 Bxe5 24. f3 f5 25. exf5 gxf5 26. Rdd2 Kf7
27. Rc4 Rxc4 28. bxc4 Ra3 29. Kg2 e6 30. f4 Bf6 31. dxe6+ Kxe6 32. Rc2 d5 33.
Nc1 dxc4 34. Rxc4 Kd5 35. Rc2 c4 36. Kf2 Bd4+ 37. Ke1 Bc3+ 38. Kf2 Bd4+ 39. Ke1
Bc3+ 40. Kf2 h5 41. Ne2 Bb4 42. Nc1 Bc5+ 43. Kg2 Bd4 44. Ne2 Bf6 45. Kf2 c3 46.
Kf3 Kc4 47. Nc1 Ra6 48. Ke2 Re6+ 49. Kd1 Rd6+ 50. Ke1 Re6+ 51. Kd1 Rd6+ 52. Ke2
Bd4 53. Kf3 Bb6 54. Ke2 Re6+ 55. Kd1 Rd6+ 56. Ke2 Re6+ 57. Kd1 Be3 58. Re2 Re4
59. Nb3 Kd3 60. Na1 Bg1 61. Rg2 Rb4 62. Nb3 Be3 63. Rc2 h4 64. Re2 Rb8 65. gxh4
Rg8 66. Rxe3+ Kxe3 67. Kc2 Rg2+ 68. Kxc3 Rxa2 69. Nd4 Ke4 70. Nc2 Ra4 71. h5
Kxf4 72. Kd3 Ra6 73. Nd4 Ra3+ 0-1

[Event "LII C.to Italiano"]
[Site "Reggio nell'Emilia ITA"]
[Date "1992.12.29"]
[Round "4"]
[White "Borgo, Giulio"]
[Black "Arlandi, Ennio"]
[Result "0-1"]
[WhiteElo "2360"]
[BlackElo "2435"]
[PlyCount "90"]
[EventDate "1992.12.26"]

1. e4 e5 2. Nf3 Nf6 3. Nc3 Nc6 4. d4 exd4 5. Nxd4 Bb4 6. Nxc6 bxc6 7. Bd3 O-O
8. O-O d5 9. exd5 cxd5 10. Bg5 c6 11. Ne2 Bd6 12. Nd4 c5 13. Nf5 Bxf5 14. Bxf5
Rb8 15. b3 Be5 16. Rc1 h6 17. Bh4 Qd6 18. Bg3 Bxg3 19. hxg3 Rfe8 20. Re1 Rxe1+
21. Qxe1 Re8 22. Qd2 Qe5 23. Bd3 Ng4 24. f3 Qd4+ 25. Kh1 Nf2+ 26. Kh2 Re5 27.
g4 h5 28. Rf1 Nxd3 29. Qxd3 Qf4+ 30. g3 Qh6 31. Kg2 hxg4 32. fxg4 Qe6 33. Qf3
g6 34. Rf2 Kg7 35. Qc3 d4 36. Qf3 a6 37. Kh3 Re4 38. Rd2 Re3 39. Qg2 Qc8 40.
Qf2 Qh8+ 41. Kg2 Qa8+ 42. Kh2 Re8 43. Qg2 Qc8 44. b4 Re1 45. Qh3 Qa8 0-1

[Event "LII C.to Italiano"]
[Site "Reggio nell'Emilia ITA"]
[Date "1992.12.29"]
[Round "4"]
[White "Braga, Fernando Alberto"]
[Black "Garcia Palermo, Carlos Horacio"]
[Result "1/2-1/2"]
[WhiteElo "2385"]
[BlackElo "2440"]
[PlyCount "32"]
[EventDate "1992.12.26"]

1. d4 d5 2. c4 e6 3. Nc3 Nf6 4. Bg5 Be7 5. e3 O-O 6. Nf3 h6 7. Bh4 b6 8. Rc1
Bb7 9. cxd5 Nxd5 10. Bxe7 Qxe7 11. Be2 Rc8 12. O-O Nxc3 13. Rxc3 Nd7 14. Qa4 c5
15. Ba6 Bxa6 16. Qxa6 Nf6 1/2-1/2

[Event "LII C.to Italiano"]
[Site "Reggio nell'Emilia ITA"]
[Date "1992.12.29"]
[Round "4"]
[White "Godena, Michele"]
[Black "Manca, Federico"]
[Result "1/2-1/2"]
[WhiteElo "2435"]
[BlackElo "2390"]
[PlyCount "80"]
[EventDate "1992.12.26"]

1. e4 d6 2. d4 Nf6 3. Nc3 g6 4. g3 Bg7 5. Bg2 O-O 6. Nge2 e5 7. h3 exd4 8. Nxd4
Nc6 9. Be3 Ne5 10. b3 c5 11. Nde2 Rb8 12. f4 Nc6 13. Qd2 Ne8 14. Rd1 b6 15. Nb5
Ba6 16. a4 Bxb5 17. axb5 Ne7 18. O-O Rb7 19. Rfe1 Rd7 20. Bf2 Nc7 21. c4 a6 22.
bxa6 Nxa6 23. Nc3 Nb4 24. Nb5 Qb8 25. e5 d5 26. cxd5 Nexd5 27. Nd6 Ne7 28. Qe2
Nc8 29. Nb5 Re7 30. Qc4 Rfe8 31. Rd2 Na7 32. Nd6 Rf8 33. Red1 Nac6 34. Ne4 Qa7
35. Kh1 Qa3 36. Qb5 Qxb3 37. Nf6+ Bxf6 38. exf6 Re6 39. Qxb6 c4 40. Bxc6 Nxc6
1/2-1/2

[Event "LII C.to Italiano"]
[Site "Reggio nell'Emilia ITA"]
[Date "1992.12.30"]
[Round "5"]
[White "Garcia Palermo, Carlos Horacio"]
[Black "Belotti, Bruno"]
[Result "0-1"]
[WhiteElo "2440"]
[BlackElo "2405"]
[PlyCount "116"]
[EventDate "1992.12.26"]

1. d4 Nf6 2. c4 c5 3. d5 b5 4. cxb5 a6 5. f3 g6 6. e4 d6 7. b4 Bg7 8. Bb2 cxb4
9. Ne2 O-O 10. Nd4 e6 11. dxe6 Nxe4 12. fxe4 Qh4+ 13. Kd2 Qf2+ 14. Kc1 Bxe6 15.
Nc2 Bh6+ 16. Nd2 Rc8 17. Qe2 Qc5 18. Qd3 axb5 19. Bd4 Qc7 20. Kb1 Ra3 21. Nb3
Bc4 22. Qd1 Bxb3 23. axb3 Rxb3+ 24. Ka2 Rc3 25. Bxc3 Qxc3 26. Qb1 Nd7 27. Qb2
b3+ 28. Qxb3 Qd2 29. Bd3 Nc5 30. Rad1 Ra8+ 31. Kb1 Nxb3 32. Rxd2 Nxd2+ 33. Kb2
Bg7+ 34. Kc1 Nb3+ 35. Kd1 Nd4 36. Rf1 Nxc2 37. Bxc2 b4 38. Ke2 Rb8 39. Rb1 Be5
40. h3 Kg7 41. Bb3 h5 42. Rf1 Rb7 43. Bd5 Ra7 44. Rb1 Bc3 45. Rd1 Kh6 46. Bc4
Rc7 47. Bb3 Be5 48. Rd2 Kg5 49. Rc2 Bc3 50. Kf3 Kf6 51. Ra2 Bd4 52. Rc2 Rb7 53.
Rd2 Ke5 54. Ra2 Rc7 55. Rc2 Bc3 56. Ke3 f6 57. g3 h4 58. g4 Ra7 0-1

[Event "LII C.to Italiano"]
[Site "Reggio nell'Emilia ITA"]
[Date "1992.12.30"]
[Round "5"]
[White "Manca, Federico"]
[Black "Braga, Fernando Alberto"]
[Result "1-0"]
[WhiteElo "2390"]
[BlackElo "2385"]
[PlyCount "39"]
[EventDate "1992.12.26"]

1. e4 e5 2. d4 d6 3. Nf3 Nf6 4. dxe5 Nxe4 5. Qd5 Nc5 6. Bg5 Qd7 7. Nc3 c6 8.
Qd2 dxe5 9. Qe3 f6 10. Bc4 Qf5 11. O-O-O Be6 12. g4 Qxg4 13. Bxe6 Nxe6 14. Rhg1
Qc4 15. Nxe5 fxe5 16. Qxe5 Nd7 17. Rxd7 Kxd7 18. Rd1+ Kc8 19. Nd5 Qg4 20. Qc7+
1-0

[Event "LII C.to Italiano"]
[Site "Reggio nell'Emilia ITA"]
[Date "1992.12.31"]
[Round "6"]
[White "Belotti, Bruno"]
[Black "Manca, Federico"]
[Result "1/2-1/2"]
[WhiteElo "2405"]
[BlackElo "2390"]
[PlyCount "81"]
[EventDate "1992.12.26"]

1. e4 d6 2. d4 Nf6 3. Nc3 g6 4. Be3 Bg7 5. f3 O-O 6. Qd2 e5 7. d5 c6 8. Bc4 b5
9. Bb3 b4 10. Nd1 cxd5 11. Bxd5 Nxd5 12. Qxd5 Qc7 13. Qxa8 Nc6 14. Ne2 Ba6 15.
Qxf8+ Kxf8 16. c3 d5 17. exd5 Ne7 18. cxb4 Qc2 19. Ndc3 Bxe2 20. Nxe2 Nxd5 21.
Bc5+ Ke8 22. Rd1 Nc7 23. Rf1 Ne6 24. Rd2 Qc4 25. b3 Qh4+ 26. g3 Qxh2 27. Bxa7
e4 28. Be3 exf3 29. Rxf3 Qg2 30. Nd4 Qh1+ 31. Ke2 Bxd4 32. Bxd4 Nxd4+ 33. Rxd4
Qg2+ 34. Ke3 Qxa2 35. Kf4 Qg2 36. Rfd3 Ke7 37. Kg5 Qh3 38. Kf4 Qg2 39. Rd7+ Kf6
40. R7d6+ Ke7 41. Rd7+ 1/2-1/2

[Event "LII C.to Italiano"]
[Site "Reggio nell'Emilia ITA"]
[Date "1992.12.31"]
[Round "6"]
[White "Borgo, Giulio"]
[Black "Sarno, Spartaco"]
[Result "1-0"]
[WhiteElo "2360"]
[BlackElo "2430"]
[PlyCount "59"]
[EventDate "1992.12.26"]

1. e4 d6 2. d4 Nf6 3. Nc3 g6 4. Be3 Bg7 5. Nf3 c6 6. Qd2 b5 7. O-O-O Qa5 8. Kb1
b4 9. Ne2 Be6 10. Nc1 Nbd7 11. Bh6 O-O 12. Bxg7 Kxg7 13. h4 Rfc8 14. h5 Nf8 15.
g4 c5 16. d5 Bd7 17. hxg6 fxg6 18. Bc4 Bb5 19. Bxb5 Qxb5 20. Ne2 Kf7 21. Qf4
Ke8 22. e5 dxe5 23. Qxe5 c4 24. Nf4 N8d7 25. Qe2 Qb6 26. d6 e5 27. g5 Kf7 28.
Nd5 Qxd6 29. Nxf6 Qe7 30. Nxd7 1-0

[Event "LII C.to Italiano"]
[Site "Reggio nell'Emilia ITA"]
[Date "1992.12.31"]
[Round "6"]
[White "Braga, Fernando Alberto"]
[Black "Vaganian, Rafael A."]
[Result "0-1"]
[WhiteElo "2385"]
[BlackElo "2635"]
[PlyCount "100"]
[EventDate "1992.12.26"]

1. e4 e6 2. d4 d5 3. Nc3 Bb4 4. exd5 exd5 5. Bd3 Ne7 6. Nf3 Bg4 7. O-O c6 8.
Re1 Nd7 9. Bf4 Nf8 10. h3 Bh5 11. a3 Bxc3 12. bxc3 Ne6 13. Bd2 Qd6 14. c4 dxc4
15. Bxc4 Nd5 16. Re5 Bxf3 17. Qxf3 Ndc7 18. Re4 O-O 19. Bb4 c5 20. dxc5 Qc6 21.
Qe2 Nxc5 22. Re5 Nd7 23. Rf5 Rae8 24. Qf1 g6 25. Rg5 Re4 26. Bd3 Rf4 27. Bxf8
Nxf8 28. Qe1 Qf6 29. Rc5 Nce6 30. Rc4 Rxf2 31. Rb1 Rf4 32. Rxf4 Nxf4 33. Rxb7
Qg5 34. g3 Nxh3+ 35. Kh2 Qh6 36. Qe7 Ng5+ 37. Kg1 Nfe6 38. Qb4 Qh5 39. Rb8+ Kg7
40. Qc3+ Kh6 41. Qd2 Nd4 42. Be4 Ne2+ 43. Kf2 Qh2+ 44. Bg2 Qxg3+ 45. Kxe2 Qxb8
46. c4 Qe5+ 47. Qe3 Qxe3+ 48. Kxe3 Ne6 49. Ke4 Kg5 50. Ke5 h5 0-1

[Event "LII C.to Italiano"]
[Site "Reggio nell'Emilia ITA"]
[Date "1992.12.31"]
[Round "6"]
[White "Godena, Michele"]
[Black "Arlandi, Ennio"]
[Result "1/2-1/2"]
[WhiteElo "2435"]
[BlackElo "2435"]
[PlyCount "46"]
[EventDate "1992.12.26"]

1. e4 e5 2. Nf3 Nf6 3. Nc3 Nc6 4. Bb5 Bb4 5. O-O O-O 6. Bxc6 dxc6 7. d3 Re8 8.
Ne2 Nh5 9. h3 g6 10. Bg5 f6 11. Be3 Bd6 12. Qd2 c5 13. Ne1 g5 14. f3 Nf4 15. c3
b6 16. Rf2 Kf7 17. Rd1 Be6 18. Qc2 a5 19. d4 Qe7 20. dxe5 fxe5 21. Ng3 Kf6 22.
Rfd2 Rad8 23. Nd3 h5 1/2-1/2

[Event "LII C.to Italiano"]
[Site "Reggio nell'Emilia ITA"]
[Date "1992.12.31"]
[Round "6"]
[White "Vezzosi, Paolo"]
[Black "Garcia Palermo, Carlos Horacio"]
[Result "1/2-1/2"]
[WhiteElo "2325"]
[BlackElo "2440"]
[PlyCount "84"]
[EventDate "1992.12.26"]

1. c4 e5 2. Nc3 Nf6 3. Nf3 Nc6 4. d3 d5 5. cxd5 Nxd5 6. g3 Be7 7. Bg2 Be6 8.
O-O O-O 9. Bd2 Nb6 10. Qc1 Bg4 11. Re1 f5 12. a4 a5 13. Nb5 Kh8 14. Bg5 Bxf3
15. Bxe7 Nxe7 16. Bxf3 c6 17. Nc3 Qd4 18. Qc2 Rad8 19. Qb3 Nec8 20. Red1 Rf6
21. Qa3 Rfd6 22. e3 Qb4 23. Be2 g6 24. Qxb4 axb4 25. Na2 Nxa4 26. Nxb4 Ncb6 27.
Rdb1 Kg7 28. Ra3 Kf6 29. Kf1 Nc5 30. Rc1 Ne6 31. Ra7 R8d7 32. Ke1 g5 33. h3 c5
34. Na2 Nd5 35. Bf3 Rb6 36. Rc2 Nb4 37. Nxb4 Rxb4 38. Be2 Rd6 39. Kd2 e4 40.
Kc3 Nc7 41. dxe4 fxe4 42. b3 Ke5 1/2-1/2

[Event "LII C.to Italiano"]
[Site "Reggio nell'Emilia ITA"]
[Date "1993.01.02"]
[Round "7"]
[White "Arlandi, Ennio"]
[Black "Braga, Fernando Alberto"]
[Result "1/2-1/2"]
[WhiteElo "2435"]
[BlackElo "2385"]
[PlyCount "47"]
[EventDate "1992.12.26"]

1. d4 d5 2. c4 e6 3. Nc3 Nf6 4. cxd5 exd5 5. Bg5 Bb4 6. Nf3 Nbd7 7. Nd2 c6 8.
e3 O-O 9. Bd3 Re8 10. O-O h6 11. Bh4 Nf8 12. Qc2 Bd6 13. Bg3 Bxg3 14. hxg3 Ne6
15. b4 Qe7 16. Rab1 Ng5 17. b5 c5 18. dxc5 Qxc5 19. Rfc1 d4 20. Nd1 Qxc2 21.
Rxc2 Bg4 22. Nc4 Rad8 23. Ndb2 Nd5 24. exd4 1/2-1/2

[Event "LII C.to Italiano"]
[Site "Reggio nell'Emilia ITA"]
[Date "1993.01.02"]
[Round "7"]
[White "Garcia Palermo, Carlos Horacio"]
[Black "Azmaiparashvili, Zurab A."]
[Result "0-1"]
[WhiteElo "2440"]
[BlackElo "2620"]
[PlyCount "158"]
[EventDate "1992.12.26"]

1. d4 d6 2. c4 e5 3. Nc3 exd4 4. Qxd4 Nf6 5. b3 Be6 6. e4 g6 7. Bb2 Bg7 8. Qd2
O-O 9. Nge2 Re8 10. g3 a5 11. Bg2 a4 12. Rd1 Nbd7 13. O-O Nc5 14. b4 a3 15. Ba1
Na6 16. Nd5 Bxd5 17. exd5 Nxb4 18. Qxb4 Rxe2 19. Bf3 Re8 20. Qxb7 Nd7 21. Bxg7
Kxg7 22. Rfe1 Qb8 23. Qb5 Nc5 24. Qxe8 Qxe8 25. Rxe8 Rxe8 26. Rc1 Na4 27. Rb1
Nb2 28. Rc1 Kf6 29. Rc3 Re1+ 30. Kg2 Ke5 31. c5 dxc5 32. Rxc5 Ra1 33. Rxc7 Rxa2
34. Rc2 Ra1 35. Rc3 Na4 36. Rc4 Nb6 37. Rb4 a2 38. Rxb6 Rb1 39. Ra6 a1=Q 40.
Rxa1 Rxa1 41. h4 f5 42. Kh2 Ra3 43. Bg2 f4 44. d6 Rd3 45. Bb7 Rd2 46. Kg1 Kxd6
47. Kf1 Rb2 48. Bf3 Ke5 49. Kg1 Rc2 50. Kf1 Rc7 51. Kg2 Rf7 52. Bc6 Kd4 53. Bf3
Kd3 54. Bc6 Rc7 55. Bd5 Rd7 56. Bc6 Rd6 57. Bb7 Rb6 58. Bd5 Rf6 59. Bf3 Kd2 60.
Be4 Ke1 61. Bf3 Rf8 62. Be4 Ke2 63. Bf3+ Kd3 64. Bd5 Kd4 65. Bf3 Ke5 66. Bc6
Rc8 67. Bf3 Rc2 68. Kf1 Rd2 69. Bc6 Kd6 70. Bb7 Kc5 71. Ba8 Kc4 72. Bf3 Kc3 73.
Be4 Rd4 74. Bc6 Kd2 75. Bf3 Rc4 76. Bd5 Rb4 77. Bf3 Rd4 78. Bc6 Rd3 79. Be4 f3
0-1

[Event "LII C.to Italiano"]
[Site "Reggio nell'Emilia ITA"]
[Date "1993.01.03"]
[Round "8"]
[White "Borgo, Giulio"]
[Black "Godena, Michele"]
[Result "1/2-1/2"]
[WhiteElo "2360"]
[BlackElo "2435"]
[PlyCount "42"]
[EventDate "1992.12.26"]

1. e4 e5 2. Nf3 Nc6 3. Bb5 Bc5 4. O-O d6 5. c3 Bd7 6. d4 exd4 7. cxd4 Bb6 8.
Nc3 Nge7 9. Bg5 h6 10. Bh4 O-O 11. Nd5 Qe8 12. Nxb6 axb6 13. d5 Ne5 14. Be2
Nxf3+ 15. Bxf3 Ng6 16. Bg3 Bb5 17. Re1 Ne5 18. Re3 Qd7 19. Be2 Bxe2 20. Qxe2
Rfe8 21. h3 Qa4 1/2-1/2

[Event "LII C.to Italiano"]
[Site "Reggio nell'Emilia ITA"]
[Date "1993.01.03"]
[Round "8"]
[White "Braga, Fernando Alberto"]
[Black "Sarno, Spartaco"]
[Result "0-1"]
[WhiteElo "2385"]
[BlackElo "2430"]
[PlyCount "48"]
[EventDate "1992.12.26"]

1. e4 d6 2. d4 Nf6 3. Nc3 g6 4. Bc4 Bg7 5. Bb3 O-O 6. f4 c5 7. Nf3 cxd4 8. Nxd4
Bg4 9. Qd2 Na6 10. e5 Nh5 11. Qe3 Nc5 12. O-O Bd7 13. Bd2 Nxb3 14. Nxb3 Bh6 15.
exd6 exd6 16. Nd5 Re8 17. Qf3 Bc6 18. Rad1 Nf6 19. Nxf6+ Qxf6 20. Qh3 Re2 21.
Bc3 Qh4 22. Rd2 Rxg2+ 23. Qxg2 Bxg2 24. Rxg2 Bxf4 0-1

[Event "LII C.to Italiano"]
[Site "Reggio nell'Emilia ITA"]
[Date "1993.01.03"]
[Round "8"]
[White "Portisch, Lajos"]
[Black "Garcia Palermo, Carlos Horacio"]
[Result "1-0"]
[WhiteElo "2595"]
[BlackElo "2440"]
[PlyCount "113"]
[EventDate "1992.12.26"]

1. c4 e5 2. Nc3 Nf6 3. Nf3 Nc6 4. g3 Bc5 5. Bg2 d6 6. d3 h6 7. a3 a6 8. O-O O-O
9. e3 Ba7 10. b4 Be6 11. Re1 Qd7 12. Rb1 Rad8 13. Qc2 Ne7 14. a4 Bh3 15. Bh1
Ng4 16. a5 f5 17. b5 axb5 18. Nxb5 Bb8 19. Nc3 c6 20. Bd2 Rf7 21. Rb3 f4 22.
Qb1 fxg3 23. fxg3 Nc8 24. Qd1 Ba7 25. Qe2 Rdf8 26. Reb1 Kh8 27. Rxb7 Qxb7 28.
Rxb7 Rxb7 29. Bg2 Bxg2 30. Kxg2 Rbf7 31. h3 Rxf3 32. hxg4 R3f7 33. g5 Ne7 34.
Ne4 Bb8 35. c5 dxc5 36. Nxc5 Ng8 37. Ne4 Rb7 38. Bc3 Re8 39. Qh5 Rf8 40. Qg6
Ne7 41. Qe6 Nf5 42. Bd2 Ba7 43. Qxc6 Rb1 44. gxh6 Bxe3 45. Bxe3 Nxe3+ 46. Kh2
g5 47. Nxg5 Ng4+ 48. Kh3 Nf2+ 49. Kg2 Rb2 50. Nf7+ Kh7 51. Ng5+ Kh8 52. Nf7+
Kh7 53. Qe6 Ng4+ 54. Kh3 Rg8 55. Qf5+ Rg6 56. Ng5+ Kxh6 57. Kxg4 1-0

[Event "LII C.to Italiano"]
[Site "Reggio nell'Emilia ITA"]
[Date "1993.01.04"]
[Round "9"]
[White "Arlandi, Ennio"]
[Black "Vezzosi, Paolo"]
[Result "1-0"]
[WhiteElo "2435"]
[BlackElo "2325"]
[PlyCount "111"]
[EventDate "1992.12.26"]

1. d4 Nf6 2. c4 e6 3. Nc3 Bb4 4. Qc2 O-O 5. a3 Bxc3+ 6. Qxc3 b6 7. Bg5 Bb7 8.
f3 d6 9. e4 c5 10. d5 Nbd7 11. Nh3 exd5 12. cxd5 a6 13. Bd3 Re8 14. O-O h6 15.
Bd2 b5 16. Qa5 c4 17. Bc2 Nc5 18. Qxd8 Raxd8 19. Rfe1 Nfd7 20. Rad1 Ne5 21. Nf2
g5 22. h3 Kg7 23. Ba5 Rd7 24. Ng4 f6 25. Re3 h5 26. Nxe5 fxe5 27. Rc1 Rf8 28.
b3 cxb3 29. Bxb3 g4 30. Bd1 gxh3 31. gxh3 Kh7 32. Rc2 Rg8+ 33. Rg2 Rxg2+ 34.
Kxg2 Rg7+ 35. Kh2 Bc8 36. h4 Bd7 37. Rc3 Rg8 38. Bc7 Nb7 39. Bb6 Rc8 40. Rxc8
Bxc8 41. Kg3 Kg6 42. f4 exf4+ 43. Kxf4 Bh3 44. Bc2 Kf7 45. Bd1 Kg6 46. Bf3 a5
47. e5 b4 48. axb4 axb4 49. Bd1 Bf5 50. exd6 Nxd6 51. Bc5 Ne4 52. Bxb4 Nf6 53.
Ke5 Bd7 54. Be7 Ne8 55. d6 Ng7 56. Bb3 1-0

[Event "LII C.to Italiano"]
[Site "Reggio nell'Emilia ITA"]
[Date "1993.01.04"]
[Round "9"]
[White "Garcia Palermo, Carlos Horacio"]
[Black "Borgo, Giulio"]
[Result "0-1"]
[WhiteElo "2440"]
[BlackElo "2360"]
[PlyCount "85"]
[EventDate "1992.12.26"]

1. d4 Nf6 2. c4 c5 3. d5 b5 4. cxb5 a6 5. b6 Qxb6 6. Nc3 d6 7. e4 g6 8. Be2 Bg7
9. h4 Nbd7 10. g4 h5 11. g5 Ng4 12. f3 Nge5 13. f4 Ng4 14. Bxg4 hxg4 15. Qxg4
c4 16. Qg3 Nc5 17. Nge2 Nd3+ 18. Kf1 Bg4 19. Rh2 Bh5 20. Qe3 Rb8 21. Qxb6 Rxb6
22. Nd1 Bf3 23. Nec3 Rb7 24. Nf2 Bxc3 25. bxc3 Nxf2 26. Kxf2 Bxe4 27. Ke3 Bxd5
28. Kd4 e6 29. Ba3 Kd7 30. Bb4 Kc6 31. a4 Re7 32. Re1 a5 33. Bxa5 Ra7 34. Bb4
Rxa4 35. Rb1 Rh5 36. Re1 Ra8 37. Re3 Rah8 38. Reh3 Ra8 39. Rd2 Ra1 40. Rhh2 Re1
41. Rhe2 Rxe2 42. Rxe2 Rxh4 43. Ra2 0-1